Liga Mistrzów 2023/2024 - Statystyki

Ogólne statystyki
  • Ten quiz został rozwiązany 2 236 razy
  • Średni wynik to 21 z 32
Statystyki odpowiedzi
Odpowiedź % Poprawnych
Real Madryt
96%
FC Barcelona
95%
Bayern Monachium
94%
Manchester City
92%
Manchester United
91%
Borussia Dortmund
88%
Paris Saint-Germain
88%
Milan
85%
Napoli
83%
Inter Mediolan
81%
FC Porto
80%
Arsenal
79%
FC København
75%
Atlético Madryt
73%
Newcastle United
72%
Galatasaray SK
66%
RB Lipsk
66%
SL Benfica
61%
Sevilla FC
60%
Union Berlin
58%
PSV Eindhoven
57%
RC Lens
55%
Royal Antwerp
50%
SC Braga
50%
Szachtar Donieck
50%
Real Sociedad
47%
Lazio
46%
BSC Young Boys
43%
Celtic
39%
Red Bull Salzburg
38%
Feyenoord
36%
FK Crvena Zvezda
36%
Nie znaleziono quizów pasujących do podanych kryteriów
Rozkład punktacji
Procent ludzi z każdym wynikiem
Percentyl według liczby udzielonych odpowiedzi
Twoja historia wyników
Nie rozwiązałeś tego quizu